000 00579nam a2200217Ia 4500
005 20241129120116.0
008 241129s9999||||xx |||||||||||||| ||und||
020 _a9783110635225
037 _aTB
040 _aSDCL
_beng
_cSDCL
041 _aeng
_2eng
084 _aC7, R2
_qSDCL
100 _aFumagalli Paul; Schoenes Joachim
_9729158
245 0 _aMagneto-Optics : An introduction
260 _aBerlin
_bDe Gruyter
_c2022
300 _axi,241p.
365 _aEUR
_b59.95
650 _aElectronic Science
942 _cTB
_hC7, R2
999 _c1233378
_d1233378